| 000 | 00843nam a22002177a 4500 | ||
|---|---|---|---|
| 999 |
_c12742 _d12742 |
||
| 003 | AR-CdUCM | ||
| 008 | 190410b ||||| |||| 00| 0 spa d | ||
| 040 |
_aMUNICIPALIDAD PROVINCIAL DEL CUSCO _cBIBLIOTECA MUNICIPAL DEL CUSCO |
||
| 041 | _heng | ||
| 082 |
_a370.152 / _bG73 |
||
| 100 |
_aGorman, Richard M. _930774 |
||
| 245 |
_aIntroducción a Piaget : _buna guía para maestros / |
||
| 260 |
_aBuenos Aires : _bPaidos, _c1975. |
||
| 300 |
_a126 páginas ; _bIlustraciones, _c20 cm. |
||
| 505 | _aContenido: Introducción -- El preescolar -- El escolar -- El estudiante secundario -- Algunos conceptos fundamentales -- Aplicación en educación ... | ||
| 650 |
_aPsicología del aprendizaje _930775 |
||
| 650 |
_aPsicopedagogia _9590 |
||
| 700 |
_aVetrano, Silva L. (traductor) _930776 |
||
| 942 |
_2ddc _cLIBROS |
||
| 945 |
_aacv _d2019-04-10 |
||